Statistics for Pitchers to win MVP

Click here to take the quiz!

General Stats

  • This quiz has been taken 11 times
  • The average score is 14 of 25

Answer Stats

HintAnswer% Correct
2014Clayton Kershaw
100%
1986Roger Clemens
100%
1924Walter Johnson
100%
1913Walter Johnson
100%
1968Bob Gibson
90%
2011Justin Verlander
90%
1963Sandy Koufax
90%
1931Lefty Grove
70%
1971Vida Blue
70%
1992Dennis Eckersley
60%
1968Denny Mclain
50%
1956Don Newcombe
50%
1944Hal Newhouser
40%
1945Hal Newhouser
40%
1984Willie Hernandez
40%
1936Carl Hubbell
30%
1933Carl Hubbell
30%
1924Dazzy Vance
30%
1934Dizzy Dean
30%
1950Jim Konstanty
30%
1942Mort Cooper
30%
1981Rollie Fingers
30%
1952Bobby Shantz
20%
1939Bucky Walters
20%
1943Spud Chandler
20%

Score Distribution

Percentile by Number Answered

Percent of People with Each Score

Your Score History

You have not taken this quiz